Mejora en el cumplimiento del horario y calendario escolar por parte de los actores del proceso educativo en el Politécnico Padre Fantino, año escolar 2014-2015 / Felipe Antonio De León Santos, Aura Esther Severino Comprés, Arnulfo Raúl Polanco Fabián y Edwin Rafael Sosa Cruz ; asesor Jaime Arismendi Acosta Padilla (Registro nro. 17881)

Detalles MARC
000 -LEADER
fixed length control field 01218nam a22002411a 4500
001 - CONTROL NUMBER
control field 17881
003 - CONTROL NUMBER IDENTIFIER
control field OSt
005 - DATE AND TIME OF LATEST TRANSACTION
control field 20260204212339.0
008 - FIXED-LENGTH DATA ELEMENTS--GENERAL INFORMATION
fixed length control field 170103s2015||||dr ||||||b||||||||||spa||
090 ## - LOCALLY ASSIGNED LC-TYPE CALL NUMBER (OCLC); LOCAL CALL NUMBER (RLIN)
Classification number (OCLC) (R) ; Classification number, CALL (RLIN) (NR) ESP-GCE 2015 L36
100 1# - ASIENTO PRINCIPAL -- NOMBRE PERSONAL
Personal name De León Santos, Felipe Antonio
Relator term sustentante
245 ## - TÍTULO PROPIAMENTE DICHO: SUBTÍTULO
Title Mejora en el cumplimiento del horario y calendario escolar por parte de los actores del proceso educativo en el Politécnico Padre Fantino, año escolar 2014-2015 / Felipe Antonio De León Santos, Aura Esther Severino Comprés, Arnulfo Raúl Polanco Fabián y Edwin Rafael Sosa Cruz ; asesor Jaime Arismendi Acosta Padilla
260 ## - PUBLICATION, DISTRIBUTION, ETC.
Place of publication, distribution, etc. Cotuí, República Dominicana :
Name of publisher, distributor, etc. UTECO,
Date of publication, distribution, etc. 2015
300 ## - PHYSICAL DESCRIPTION
Extensión 51 hojas
502 ## - THESIS NOTE
Dissertation note Tesis (Especialidad en Gerencia Empresarial)--Universidad Tecnológica del Cibao Oriental, 2015. <br/>
504 ## - BIBLIOGRAPHY, ETC. NOTE
Bibliography, etc. note incluye referencia bibliográfica e índice<br/>
650 #4 - ASIENTO SECUNDARIO DE MATERIA -- TERMINO TOPICO
Asiento secundario de materia Mejora en el cumplimiento del horario
700 1# - ASIENTO SECUNDARIO -- NOMBRE PERSONAL
Personal name Polanco Fabián, Arnulfo Raúl
Relator term sustentante
700 1# - ASIENTO SECUNDARIO -- NOMBRE PERSONAL
Personal name Sosa Cruz, Edwin Rafael
Relator term sustentante
700 1# - ASIENTO SECUNDARIO -- NOMBRE PERSONAL
Personal name Acosta Padilla, Jaime Arismendi
Relator term asesor
830 ## - ASIENTO SECUNDARIO DE SERIE - TÍTULO UNIFORME
Uniform title Tesis y disertaciones académicas (Universidad Tecnológica del Cibao Oriental)
942 ## - ADDED ENTRY ELEMENTS (KOHA)
Source of classification or shelving scheme Clasificación Local
Koha item type Tesis
Existencias
Withdrawn status Lost status Source of classification or shelving scheme Damaged status Not for loan Collection code Home library Current library Shelving location Date acquired Inventory number Total Checkouts Full call number Barcode Date last seen Copy number Price effective from Koha item type
    Clasificación Local   Préstamo Interno Trabajos de Grado e Investigación   Biblioteca UTECO En Estantería 09/09/2019 PGE-2015-001   ESP-GCE 2015 L36 PGE-2015-001 09/09/2019 Ej.1 09/09/2019 Tesis
© 2021 Derechos Reservados UTECO - Teléfono: +1 809-585-2291 - Correo electrónico: biblioteca@uteco.edu.do​  
Código postal 43000 ​​
Dirección: Avenida Universitaria No. 100, 
Cotuí, Provincia Sánchez Ramírez, República Dominicana - RNC: 404-00059-6